| 000 | 00492nam a2200229Ia 4500 | ||
|---|---|---|---|
| 003 | IT-RoPAU | ||
| 008 | 120407s9999 xx 000 0 und d | ||
| 040 | _aIT-RoPAU | ||
| 040 | _cIT-RoPAU | ||
| 041 | _aita | ||
| 100 | _aGiuliano Vigini | ||
| 245 | _aCosa leggere della letteratura d’oggi. | ||
| 250 | _aMilano | ||
| 260 | _aBibliografica | ||
| 260 | _c1974 | ||
| 300 | _a183 p. | ||
| 300 | _c17 cm | ||
| 490 | _aCosa leggere | ||
| 490 | _v11 | ||
| 942 | _cBK | ||
| 999 |
_c27568 _d27568 |
||